01865cam a22003011 4500001001300000003000400013005001700017008004100034010001700075035001900092040005400111042001200165050002500177082001200202100003200214245025400246260009200500300003000592490009900622500019400721501024000915650004301155700004601198700012201244810008501366810009501451999001701546e 54000009 DLC20260227111235.0821027s1954 dcu f000 0 eng c ae 54000009  a(OCoLC)8896707 aU.S. Office of Education. LibrarycOUdOCoLCdDLC apremarc00aLC1045b.A25 no. 254 a630.7121 aJohnson, Elmer John,d1896-10aGuiding high-school students of vocational agriculture in developing farming programs;bprocedures for guiding students in planning and developing farming programs leading to satisfactory establishment in farming,cby E. J. Johnson [and] W. N. Elam. a[Washington]bU.S. Dept. of Health, Education, and Welfare, Office of Educationc[1954] avi, 82 p.billus.c23 cm.1 a[U. S. Office of Education] Vocational Division. Bulletinvno. 254. Agriculture series, no. 65 a"Replaces Vocational Division bulletin no. 225, Directing vocational agriculture day-school students in developing their farming programs [by W. A. Ross, D. M. Clements, and E. J. Johnson]" aWith : The operation of a local program of trade and industrial education / William Penn Loomis. Washington : U. S. Department of Health, Education, and Welfare. Office of Education, 1953. Bound together subsequent to publication.5DLC 0aAgricultural educationzUnited States.1 aElam, William Nile,d1890-ejoint author.1 aRoss, William Arthur,d1896-tDirecting vocational agriculture day-school students in developing their farm programs.1 aUnited States.bOffice of Education.bVocational division.tBulletin ;vno. 254.1 aUnited States.bOffice of Education.bVocational division.tAgricultural series ;vno. 65. c22212d22212